Application of speckle phonomena (Record no. 8495)

MARC details
000 -LEADER
fixed length control field 00879nam a2200205Ia 4500
003 - CONTROL NUMBER IDENTIFIER
control field IN-BaIIA
008 - FIXED-LENGTH DATA ELEMENTS--GENERAL INFORMATION
fixed length control field 211028s9999 xx 000 0 eng d
020 ## - INTERNATIONAL STANDARD BOOK NUMBER
International Standard Book Number 0-89252-272-0
040 ## - CATALOGING SOURCE
Transcribing agency IIA Library
080 ## - UNIVERSAL DECIMAL CLASSIFICATION NUMBER
Universal Decimal Classification number 535.41(082.1)
Item number APP
111 ## - MAIN ENTRY--MEETING NAME
Meeting name or jurisdiction name as entry element Society of Photo-Optical instrumentation Engineers
Location of meeting San Diego
Date of meeting or treaty signing 1980 July 29-30,
9 (RLIN) 14234
245 #0 - TITLE STATEMENT
Title Application of speckle phonomena
Remainder of title proceedings of the society of photo-opt.ical instrumentation engineers, held in San Diego, California, July 29-30, 1980
Statement of responsibility, etc. edited by William H Carter
260 ## - PUBLICATION, DISTRIBUTION, ETC.
Place of publication, distribution, etc. Washington
Name of publisher, distributor, etc. Society of Photo-Optical Instrumentation Engineers
Date of publication, distribution, etc. 1980
300 ## - PHYSICAL DESCRIPTION
Extent [various pagings.]
650 ## - SUBJECT ADDED ENTRY--TOPICAL TERM
Topical term or geographic name entry element Astronomy and Astrophysics thesaurus
650 ## - SUBJECT ADDED ENTRY--TOPICAL TERM
Topical term or geographic name entry element Interferometry
9 (RLIN) 3249
650 ## - SUBJECT ADDED ENTRY--TOPICAL TERM
Topical term or geographic name entry element Speckle interferometry
9 (RLIN) 3250
700 ## - ADDED ENTRY--PERSONAL NAME
Personal name Carter, William H., ed.
9 (RLIN) 14235
942 ## - ADDED ENTRY ELEMENTS (KOHA)
Koha item type Books
Holdings
Withdrawn status Lost status Damaged status Not for loan Home library Current library Shelving location Date acquired Total Checkouts Full call number Barcode Date last seen Price effective from Koha item type Purchase Price
        IIA Library-Bangalore IIA Library-Bangalore General Stacks 17/10/1985   535.41(082.1)/ APP 9360 05/11/2021 17/10/1985 Books 53

Powered by Koha